The value of middle cerebral artery and umbilical artery doppler indices in assessment of fetal wellbeing and prediction of neonatal outcome in IUGR and preeclampsia / (رقم التسجيلة. 45630)
[ عرض عادي ]
| 000 -LEADER | |
|---|---|
| fixed length control field | 01896cam a2200349 a 4500 |
| 003 - CONTROL NUMBER IDENTIFIER | |
| control field | EG-GiCUC |
| 005 - DATE AND TIME OF LATEST TRANSACTION | |
| control field | 20250223030949.0 |
| 008 - FIXED-LENGTH DATA ELEMENTS--GENERAL INFORMATION | |
| fixed length control field | 140406s2013 ua dh f m 000 0 eng d |
| 040 ## - CATALOGING SOURCE | |
| Original cataloging agency | EG-GiCUC |
| Language of cataloging | eng |
| Transcribing agency | EG-GiCUC |
| 041 0# - LANGUAGE CODE | |
| Language code of text/sound track or separate title | eng |
| 049 ## - LOCAL HOLDINGS (OCLC) | |
| Holding library | Deposite |
| 097 ## - Thesis Degree | |
| Thesis Level | Ph.D |
| 099 ## - LOCAL FREE-TEXT CALL NUMBER (OCLC) | |
| Classification number | Cai01.11.15.Ph.D.2013.Ma.V |
| 100 0# - MAIN ENTRY--PERSONAL NAME | |
| Personal name | Mahmoud Mohamed Abdelhamid Soliman |
| 245 14 - TITLE STATEMENT | |
| Title | The value of middle cerebral artery and umbilical artery doppler indices in assessment of fetal wellbeing and prediction of neonatal outcome in IUGR and preeclampsia / |
| Statement of responsibility, etc. | Mahmoud Mohamed Abdelhamid Soliman ; Supervised Shamel Moustafa Hefny , Nermeen Abdelmoaty Abousalem , Mohamed Hamam Abdmanaf |
| 246 15 - VARYING FORM OF TITLE | |
| Title proper/short title | قيمة مؤشرات الدوبلر للشريان الدماغى الاوسط والشريان السرى فى تقييم عافية الجنين والتنبؤ بنتائج حديثى الولادة فى حالتى تاخر النمو داخل الرحم وتسمم الحمل |
| 260 ## - PUBLICATION, DISTRIBUTION, ETC. | |
| Place of publication, distribution, etc. | Cairo : |
| Name of publisher, distributor, etc. | Mahmoud Mohamed Abdelhamid Soliman , |
| Date of publication, distribution, etc. | 2013 |
| 300 ## - PHYSICAL DESCRIPTION | |
| Extent | 172 P. : |
| Other physical details | charts , facsimiles ; |
| Dimensions | 25cm |
| 502 ## - DISSERTATION NOTE | |
| Dissertation note | Thesis (Ph.D.) - Cairo University - Faculty of Medicine - Department of Gynecology and Obstetrics |
| 520 ## - SUMMARY, ETC. | |
| Summary, etc. | The purpose of this study was designed to explore the value of middle cerebral artery and umbilical artery doppler indices in assessment of fetal wellbeing and prdiction of neonatal outcome in pregnant women with IUGR and in pregnant women with preeclampsia |
| 530 ## - ADDITIONAL PHYSICAL FORM AVAILABLE NOTE | |
| Additional physical form available note | Issued also as CD |
| 653 #4 - INDEX TERM--UNCONTROLLED | |
| Uncontrolled term | IUGR |
| 653 #4 - INDEX TERM--UNCONTROLLED | |
| Uncontrolled term | MCA Doppler |
| 653 #4 - INDEX TERM--UNCONTROLLED | |
| Uncontrolled term | UA Doppler |
| 700 0# - ADDED ENTRY--PERSONAL NAME | |
| Personal name | Mohamed Hamam Abdmanaf , |
| Relator term | |
| 700 0# - ADDED ENTRY--PERSONAL NAME | |
| Personal name | Nermeen Abdelmoaty Abousalem , |
| Relator term | |
| 700 0# - ADDED ENTRY--PERSONAL NAME | |
| Personal name | Shamel Moustafa Hefny , |
| Relator term | |
| 856 ## - ELECTRONIC LOCATION AND ACCESS | |
| Uniform Resource Identifier | <a href="http://172.23.153.220/th.pdf">http://172.23.153.220/th.pdf</a> |
| 905 ## - LOCAL DATA ELEMENT E, LDE (RLIN) | |
| Cataloger | Nazla |
| Reviser | Revisor |
| 905 ## - LOCAL DATA ELEMENT E, LDE (RLIN) | |
| Cataloger | Soheir |
| Reviser | Cataloger |
| 942 ## - ADDED ENTRY ELEMENTS (KOHA) | |
| Source of classification or shelving scheme | Dewey Decimal Classification |
| Koha item type | Thesis |
| Source of classification or shelving scheme | Not for loan | Home library | Current library | Date acquired | Full call number | Barcode | Date last seen | Koha item type | Copy number |
|---|---|---|---|---|---|---|---|---|---|
| Dewey Decimal Classification | المكتبة المركزبة الجديدة - جامعة القاهرة | قاعة الرسائل الجامعية - الدور الاول | 11.02.2024 | Cai01.11.15.Ph.D.2013.Ma.V | 01010110062322000 | 22.09.2023 | Thesis | ||
| Dewey Decimal Classification | المكتبة المركزبة الجديدة - جامعة القاهرة | مخـــزن الرســائل الجـــامعية - البدروم | 11.02.2024 | Cai01.11.15.Ph.D.2013.Ma.V | 01020110062322000 | 22.09.2023 | CD - Rom | 62322.CD |